Toronto Blue Jays 2025 Roster - Statistics

General Stats
  • This quiz has been taken 283 times
  • The average score is 19 of 35
Answer Stats
Jersey # Pos Player % Correct
27 1B Vladimir Guerrero Jr
94%
11 SS Bo Bichette
92%
4 RF George Springer
91%
30 C Alejandro Kirk
88%
5 CF Daulton Varsho
86%
22 3B Ernie Clement
85%
0 2B Andres Gimenez
84%
34 P Kevin Gausman
82%
47 3B Addison Barger
77%
3 CF Myles Straw
74%
23 BP Jeff Hoffman
71%
31 P Max Scherzer
71%
36 LF Davis Schneider
69%
55 C Tyler Heineman
65%
57 P Shane Bieber
63%
54 BP Brendon Little
61%
2 1B Ty France
60%
77 BP Louis Varland
58%
25 RF Anthony Santander
57%
40 P Chris Bassitt
54%
48 BP Seranthony Dominguez
52%
10 LF Joey Loperfido
47%
56 P Eric Lauer
46%
7 SS Isiah Kiner-Falefa
46%
38 RF Nathan Lukes
45%
63 BP Braydon Fisher
41%
29 BP Yariel Rodriguez
35%
93 BP Yimi Garcia
33%
45 BP Tommy Nance
30%
44 P Bowden Francis
26%
6 P Alek Manoah
20%
17 P Jose Berrios
16%
52 BP Nick Sandlin
9%
43 BP Ryan Burr
7%
35 BP Ryan Borucki
1%
No matching quizzes found
Score Distribution
Percent of People with Each Score
Percentile by Number Answered
Your Score History
You have not taken this quiz